Statistics for the biological sciences / (Record no. 12570)

000 -LEADER
fixed length control field 00457nam a2200169 i 4500
020 ## - INTERNATIONAL STANDARD BOOK NUMBER
ISBN 0201075008 :
040 ## - CATALOGING SOURCE
Transcribing agency DLC
082 ## - DEWEY DECIMAL CLASSIFICATION NUMBER
Classification number 574 ADD 1979 A033 Or.
100 1# - MAIN ENTRY--AUTHOR NAME
Personal name Schefler, William C
245 10 - TITLE STATEMENT
Title Statistics for the biological sciences /
250 ## - EDITION STATEMENT
Edition statement 2d ed
260 ## - PUBLICATION, DISTRIBUTION, ETC. (IMPRINT)
Place of publication Reading, Mass. :
Name of publisher Addison-Wesley Pub. Co.,
Year of publication c1979
300 ## - PHYSICAL DESCRIPTION
Number of Pages 276 p. in various pagings :
Other physical details ill. ;
Dimensions 24 cm
500 ## - GENERAL NOTE
General note Includes index
650 #0 - SUBJECT ADDED ENTRY--TOPICAL TERM
Topical Term Biometry
942 ## - ADDED ENTRY ELEMENTS (KOHA)
Koha item type សៀវភៅភាសាអង់គ្លេស
952 ## - LOCATION AND ITEM INFORMATION (KOHA)
Withdrawn status [LOCAL, KOHA] 0
Holdings
Permanent Location Date acquired Koha item type Lost status Shelving location Barcode Current Location Full call number
Library Block A2017-08-19សៀវភៅភាសាអង់គ្លេស A027A15680Library Block A574 ADD 1979 A027 Or.
មជ្ឈមណ្ឌលឯការនៃសាកលវិទ្យាល័យភូមិន្ទកសិកម្មចំការដូង

Powered by Koha